000 01480cam a2200337 a 4500
001 4943901
005 20020829202300.0
008 960422s1997 enk | b 001 0 eng d
010 _a96019582
020 _a0521482224
020 _a0521484278 (pbk.)
040 _aDLC
_cDLC
_dDLC
043 _ae------
050 0 0 _aJN5
_b.E77 1997
082 0 0 _a320.94
_220
_bERT
100 1 _aErtman, Thomas.
_915686
245 1 0 _aBirth of the Leviathan :
_bBuilding States and Regimes in Medieval and Early Modern Europe /
_cThomas Ertman.
260 _aCambridge, UK :
_bCambridge University Press,
_c1997.
300 _axii, 363 p. ;
_c24 cm.
504 _aIncludes bibliographical references (p. 325-350) and index.
541 _aBacca ;
650 0 _aConstitutional history
_zEurope.
_915687
650 0 _aLocal government
_zEurope
_xHistory.
_915688
650 0 _aComparative government.
_915689
651 0 _aEurope
_xPolitics and government.
_915690
856 4 2 _3Publisher description
_uhttp://www.loc.gov/catdir/description/cam027/96019582.html
856 4 1 _3Table of contents
_uhttp://www.loc.gov/catdir/toc/cam025/96019582.html
942 _2ddc
_cBB
999 _c14333
_d14333